The joy of soaring ; a training manual /

Bibliographic Details
Main Author: Conway, Carle
Corporate Author: Soaring Society of America
Format: Book
Language:English
Published: Los Angeles : Soaring Society of America, [1969]
Subjects:

MARC

Tag First Indicator Second Indicator Subfields
LEADER 00000cam a2200000 4500
001 in00000096300
005 20150925090038.0
008 710902s1969 caua b 00100 eng
010 |a  73098038  
035 |a (OCoLC)00205221 
035 |9 AAL2265AM 
040 |a DLC  |c DLC  |d TXA  |d UtOrBLW 
049 |a TXAM  |c [708582] 
050 0 0 |a TL760  |b .C62 
082 0 |a 629.132/523 
090 |a TL760  |b .C6 
100 1 |a Conway, Carle. 
245 1 4 |a The joy of soaring ;  |b a training manual /  |c Illus. by Gil Parcell. 
264 1 |a Los Angeles :  |b Soaring Society of America,  |c [1969] 
264 4 |c [©1969] 
300 |a viii, 134 pages :  |b illustrations ;  |c 29 cm. 
336 |a text  |b txt  |2 rdacontent 
337 |a unmediated  |b n  |2 rdamedia 
338 |a volume  |b nc  |2 rdacarrier 
504 |a Bibliography: page 123. 
650 0 |a Gliding and soaring. 
710 2 |a Soaring Society of America. 
999 |a MARS 
999 f f |s 9d748045-a00d-3fd3-8bf0-e921eed933ee  |i 83f9747f-2b95-3be1-a6b3-e080a33784c3  |t 0 
952 f f |p ric  |a Texas A&M University  |b Rellis Campus  |c Joint Library Facility  |d Remote Storage  |t 0  |e TL760 .C6  |h Library of Congress classification  |i unmediated -- volume  |m A14805552928 
998 f f |a TL760 .C6  |t 0  |l Remote Storage